american aircraft - Statistics

General Stats
  • This quiz has been taken 53 times
  • The average score is 14 of 20
Answers on the Grid
Answers color-coded by a green-red scale on the quiz's grid according to % correct below.
F22
F/A18
F16
SU57
MIG15
P51
BF-109
KC-130
KC-10
KC-707
MQ-9 reaper
Tu-150
aero lancer
A300
C17
C5
MQ-1
B1B
B2
B29
stuka
mig 21
su27
hind
AH64D apache
AH-1Z cobra
AH-6 Little bird
F4 phantom
A10
F35B
 
Answer Stats
Answer % Correct
american made F22
94%
american made F/A18
86%
american made F16
83%
american made KC-10
83%
american made (WW2) P51
77%
american made B1B
71%
american made B2
71%
american made C5
71%
amercan made KC-130
71%
american made (WW2) B29
69%
american made C17
66%
american made F4 phantom
66%
american made KC-707
66%
american made A10
63%
american made (Helicopter) AH-6 Little bird
63%
american made (Helicopter) AH-1Z cobra
60%
american made (VTOL varient) F35B
60%
american made MQ-9 reaper
60%
american made (Helicopter) AH64D apache
57%
american made MQ-1
46%
No matching quizzes found
Score Distribution
Percent of People with Each Score
Percentile by Number Answered
Your Score History
You have not taken this quiz